[Event "CZE-ch U12 Girls"]
[Site "Kouty nad Desnou"]
[Date "2024.03.10"]
[Round "2"]
[White "Jenikova, Sabina"]
[Black "Trcalkova, Ema"]
[Result "1/2-1/2"]
[WhiteElo "1471"]
[BlackElo "1558"]
[PlyCount "93"]
[EventDate "2024.03.09"]
[EventType "swiss"]
[EventRounds "9"]
[EventCountry "CZE"]
[SourceTitle "CB12_2024"]
[SourceDate "2023.10.01"]
[SourceVersion "1"]
[SourceVersionDate "2023.10.01"]
[SourceQuality "1"]

1. e4 e5 2. Nf3 Nc6 3. d4 exd4 4. Nxd4 Nf6 5. Nc3 Bb4 6. Nxc6 bxc6 7. Bd2 d6 8. Bd3 Bb7 9. 0-0 0-0 10. Re1 Qd7 11. Qf3 Qg4 12. Re3 Bc5 13. Qxg4 Nxg4 14. Rf3 Rfe8 15. Rf1 Ne5 16. Rg3 Nxd3 17. cxd3 Re6 18. Ne2 Ba6 19. Nf4 Re7 20. Bc3 g6 21. Nh5 Re6 22. Nf6+ Kf8 23. Nxh7+ Ke8 24. Ng5 Re7 25. Bf6 d5 26. Bxe7 Bxe7 27. Rd1 Rd8 28. h4 Kf8 29. exd5 Rxd5 30. Rd2 Rc5 31. Ne4 Rc1+ 32. Kh2 f5 33. Nc3 Bd6 34. f4 Bxf4 35. Re2 Bxg3+ 36. Kxg3 Bxd3 37. Rd2 Bb5 38. Kf2 Rh1 39. g3 Rh2+ 40. Ke3 Rxd2 41. Kxd2 Ke7 42. Nxb5 cxb5 43. b4 Ke6 44. Kd3 Kd5 45. a3 a6 46. Ke3 Ke5 47. Kf3 1/2-1/2